Les reines de Drag Race France All Stars par images - Statistiques

Statistiques générales
  • Ce quiz a été pris 62 fois
  • Le résultat moyen est 10 sur 10
Statistiques - réponses
Par images Réponse % Correct
Elips
100%
Mami Watta
100%
Moon
100%
Piche
100%
Kam Hugh
98%
La Big Bertha
98%
Magnetica
98%
Punani
98%
Soa de Muse
98%
Misty Phoenix
94%
Aucun quiz correspondant
Distribution des résultats
% des personnes avec chaque résultat
Percentile par nombre de réponses
Votre historique - résultats
Vous n’avez pas pris ce quiz